LEADER 03039oam 2200697I 450 001 9910786054003321 005 20230803025055.0 010 $a0-203-11031-5 010 $a1-283-97306-5 010 $a1-136-27433-2 024 7 $a10.4324/9780203110317 035 $a(CKB)2670000000325609 035 $a(EBL)1114703 035 $a(OCoLC)827208907 035 $a(SSID)ssj0000821652 035 $a(PQKBManifestationID)12355176 035 $a(PQKBTitleCode)TC0000821652 035 $a(PQKBWorkID)10878748 035 $a(PQKB)10745202 035 $a(MiAaPQ)EBC1114703 035 $a(Au-PeEL)EBL1114703 035 $a(CaPaEBR)ebr10650304 035 $a(CaONFJC)MIL428556 035 $a(OCoLC)828741961 035 $a(OCoLC)845532904 035 $a(FINmELB)ELB133791 035 $a(EXLCZ)992670000000325609 100 $a20180706d2013 uy 0 101 0 $aeng 135 $aur|n|---||||| 181 $ctxt 182 $cc 183 $acr 200 00$aCaribbean sovereignty, development and democracy in an age of globalization /$fedited by Linden Lewis 210 1$aNew York, N.Y. :$cRoutledge,$d2013. 215 $a1 online resource (261 p.) 225 1 $aRoutledge advances in international relations and global politics ;$v100 225 0$aRoutledge advances in international relations and global politics ;$v100 300 $aDescription based upon print version of record. 311 $a1-138-91467-3 311 $a0-415-53658-8 320 $aIncludes bibliographical references and index. 327 $apt. I. Neoliberalism and the paradox of sovereignty in the Caribbean -- pt. II. Arrested development and the cultural turn -- pt. III. Caribbean futures : democracy imperiled. 330 $aMany of the nations of the Caribbean that have become independent states have maintained as a central, organizing, nationalist principle the importance in the beliefs of the ideals of sovereignty, democracy, and development. Yet in recent years, political instability, the relative size of these nations, and the increasing economic vulnerabilities of the region have generated much popular and policy discussions over the attainability of these goals. The geo-political significance of the region, its growing importance as a major transshipment gateway for illegal drugs coming from Latin Ameri 410 0$aRoutledge Advances in International Relations and Global Politics 606 $aDemocracy$zCaribbean Area 606 $aSovereignty 607 $aCaribbean Area$xPolitics and government$y21st century 607 $aCaribbean Area$xEconomic policy 607 $aCaribbean Area$xForeign relations$y1945- 615 0$aDemocracy 615 0$aSovereignty. 676 $a972.905/3 701 $aLewis$b Linden$f1953-$01486915 801 0$bMiAaPQ 801 1$bMiAaPQ 801 2$bMiAaPQ 906 $aBOOK 912 $a9910786054003321 996 $aCaribbean sovereignty, development and democracy in an age of globalization$93706563 997 $aUNINA LEADER 03232oas 2201165 a 450 001 9910144876503321 005 20251105213014.0 011 $a2419-6940 035 $a(DE-599)ZDB2618771-1 035 $a(OCoLC)557573199 035 $a(CONSER) 2011234190 035 $a(CKB)1000000000258986 035 $a(EXLCZ)991000000000258986 100 $a20100317b19341940 uy 101 0 $afre 135 $aurbn||||||abp 135 $aurbn||||||ada 181 $ctxt$2rdacontent 182 $cc$2rdamedia 183 $acr$2rdacarrier 200 00$aHumanisme et renaissance 210 $aParis $cLibrairie E. Droz$d1934-1940 300 $aIncludes section "Notes et documents." 300 $a"Consacre?e a? l'e?tude du XVIe sie?cle franc?ais." 300 $aEditor: Jean Porcher and others. 311 1 $a0151-1807 320 $aIncludes "Comptes-rendus" and "Bibliographie." 330 $aIncludes section "Notes et documents." 606 $aRenaissance$vPeriodicals 606 $aHumanism$vPeriodicals 606 $aRenaissance$zFrance$vPeriodicals 606 $aSixteenth century$vPeriodicals 606 $aRenaissance$vPe?riodiques 606 $aHumanisme$vPe?riodiques 606 $aRenaissance$zFrance$vPe?riodiques 606 $aSeizie?me sie?cle$vPe?riodiques 606 $aRenesans$2dbn 606 $aHumanism$2fast$3(OCoLC)fst00963520 606 $aRenaissance$2fast$3(OCoLC)fst01094518 606 $aSixteenth century$2fast$3(OCoLC)fst01119851 606 $aHumanisme (cultuurgeschiedenis)$2gtt 606 $aRenaissance$2gtt 607 $aFrance$xHistory$y16th century$vPeriodicals 607 $aFrance$xHistoire$y16e sie?cle$vPe?riodiques 607 $aFrance$2fast$1https://id.oclc.org/worldcat/entity/E39PBJd8gD4vdtqQMdQHvYqbBP 608 $aPeriodical. 608 $aperiodicals.$2aat 608 $aCzasopismo historyczne.$2dbn 608 $aHistory.$2fast 608 $aPeriodicals.$2fast 608 $aPeriodicals.$2lcgft 608 $aPe?riodiques.$2rvmgf 615 0$aRenaissance 615 0$aHumanism 615 0$aRenaissance 615 0$aSixteenth century 615 6$aRenaissance 615 6$aHumanisme 615 6$aRenaissance 615 6$aSeizie?me sie?cle 615 7$aRenesans. 615 7$aHumanism. 615 7$aRenaissance. 615 7$aSixteenth century. 615 17$aHumanisme (cultuurgeschiedenis) 615 17$aRenaissance. 676 $a944.028 686 $a02.01$2bcl 702 $aPorcher$b Jean 801 0$bOCLCE 801 1$bOCLCE 801 2$bEYM 801 2$bHLS 801 2$bHUL 801 2$bUKMGB 801 2$bOCLCQ 801 2$bEYM 801 2$bOCLCF 801 2$bOCLCO 801 2$bOCL 801 2$bOCLCQ 801 2$bOCLCO 801 2$bSRU 801 2$bEUX 801 2$bOCLCO 801 2$bHEBIS 801 2$bUAB 801 2$bZ5A 801 2$bRCE 801 2$bGILDS 801 2$bWYU 801 2$bVT2 801 2$bOCLCO 801 2$bOCLCQ 801 2$bOCLCL 801 2$bOCLCQ 906 $aJOURNAL 912 $a9910144876503321 996 $aHumanisme et Renaissance$9224265 997 $aUNINA